| 000 | | | 04027cam0a2200277#x 450 |
| 001 | | | 5bb0666f-0d56-44d0-bb20-779fe011228e |
| 005 | | | 20200420151325.0 |
| 100 | ## | $a | 20200402j19380925k###0rusy50 ca |
| 101 | 0# | $a | rus |
| 102 | ## | $a | FR |
| 122 | 0# | $a | d19380925## |
| 200 | 1# | $a | Шифртелеграмма полпреда СССР во Франции Я. З. Сурица наркому иностранных дел СССР М. М. Литвинову о решении правительства Франции отвергнуть годесбергский меморандум Гитлера |
| | $j | 25 сентября 1938 г. |
| 251 | ## | $c | Документ |
| 300 | ## | $a | Заверенная копия |
| 461 | #0 | $1 | 2001 |
| | $a | Ф. 059 |
| | $1 | 251 |
| | $c | Фонд |
| | $1 | 852 |
| | $j | 059 |
| 462 | #0 | $1 | 2001 |
| | $a | Оп. 1. П. 280 |
| | $1 | 251 |
| | $c | Опись |
| | $1 | 852 |
| | $j | 1. П. 280 |
| 462 | #0 | $1 | 2001 |
| | $a | Д. 1945 |
| | $v | Л. 58 |
| | $1 | 251 |
| | $c | Дело |
| | $1 | 852 |
| | $j | 1945 |
| 605 | ## | $a | Вторая мировая война в архивных документах (Комплекс оцифрованных архивных документов, кино- и фотоматериалов) |
| | $l | коллекция |
| | $2 | prlib_sh |
| | $3 | LIBNET\UAF\0000088514 |
| 617 | ## | $2 | prlib_sh |
| | $a | СССР |
| | $f | 1938 |
| 617 | ## | $2 | prlib_sh |
| | $a | Франция |
| | $f | 1938 |
| 617 | ## | $2 | prlib_sh |
| | $a | Германия |
| | $f | 1938 |
| 801 | #0 | $a | RU |
| | $b | ПБ им. Б.Н. Ельцина |
| | $c | 20200402 |
| 801 | #1 | $a | RU |
| | $b | ПБ им. Б.Н. Ельцина |
| | $c | 20200402 |
| | $2 | rusmarc |
| 801 | #2 | $a | RU |
| | $b | ПБ им. Б.Н. Ельцина |
| | $c | 20200420 |
| | $2 | rusmarc |
| 850 | ## | $a | Архив внешней политики Российской Федерации |
| 852 | ## | $a | АВП РФ |
| | $j | Л. 58 |
| 035 | ## | $a | LIBNET\0001068221 |
| 937 | ## | $d | 144048808 |
| | $h | Архив внешней политики Российской Федерации |
| 856 | 4# | $u | http://readingroom.main.prlib.ru/item.aspx?id_node=n144048808&mode=full |